000 004380000a22001810004500
003 MACL
005 20160130131358.0
008 160130b xxu||||| |||| 00| 0 eng d
040 _aMACL
_cMACL
041 _aEnglish
082 _a823/CHR
100 _aChristie, Agatha
_930614
245 _aOne Two Buckle My Shoe
260 _bBerkley Books
_c1984
_aNew York
350 _a153
650 _aFiction
_935958
942 _cBK
_k823/CHR
_2ddc
999 _c31270
_d31270